Normal view
MARC view
- Mathematics in action
Entry Topical Term
001 - CONTROL NUMBER
- control field: 127626
003 - CONTROL NUMBER IDENTIFIER
- control field: NUST
005 - DATE AND TIME OF LATEST TRANSACTION
- control field: 20250117100119.0
008 - FIXED-LENGTH DATA ELEMENTS
- fixed length control field: 250117|| aca||aabn | a|a d
040 ## - CATALOGING SOURCE
- Original cataloging agency: NUST
- Transcribing agency: NUST
150 ## - HEADING--TOPICAL TERM
- Topical term or geographic name entry element: Mathematics in action
670 ## - SOURCE DATA FOUND
- Source citation: Work cat.: (NUST): Allan R. Hoffer 127625, Mathematics in action, 1991.
